Statistics for Animals - Taxonomy to Common Name

Click here to take the quiz!

General Stats

  • This quiz has been taken 21,999 times
  • The average score is 12 of 22

Answer Stats

ClassificationRankCommon name(s)% Correct
Arachnidaclassspiders | scorpions | ticks | mites | horseshoe crabs
97%
Canidaefamilydogs | wolves | foxes
95%
Felidaefamilycats
90%
Serpentessubordersnakes
90%
Bovidaefamilycattle | sheep | goats | bison | antelopes
89%
Equidaefamilyhorse | donkeys | zebras
88%
Hominidaefamilyhumans | chimpanzees | bonobos | orangutans | gorillas
84%
Avesclassbirds
83%
Ursidaefamilybears
80%
Cygnusgenusswans
51%
Cephalopodaclassoctopuses | squid | cuttlefish | nautiluses
45%
Corvidaefamilycrows | ravens | rooks | jackdaws | blue jays
41%
Cetaceainfraorderdolphins | porpoises | whales
36%
Lepidopteraorderbutterflies | moths
32%
Formicidaefamilyants
31%
Cervidaefamilydeer
29%
Ovisgenussheep
29%
Proboscideaorderelephants | mammoths | mastodons
26%
Decapodaordercrayfish | crabs | lobsters | prawns | shrimp
21%
Leporidaefamilyrabbits | hares
19%
Sireniaordermanatees | dugongs
18%
Muridaefamilymice | rats | gerbils
17%

Score Distribution

Percentile by Number Answered

Percent of People with Each Score

Your Score History

You have not taken this quiz